Humberto Vélez : (Record no. 724)
[ view plain ]
| 000 -LEADER | |
|---|---|
| campo de control de longitud fija | 01600cam a2200397 a 4500 |
| 001 - NÚMERO DE CONTROL | |
| campo de control | 10393727 |
| 005 - FECHA Y HORA DE LA ÚLTIMA TRANSACCIÓN | |
| campo de control | 20220326193333.0 |
| 008 - DATOS DE LONGITUD FIJA--INFORMACIÓN GENERAL | |
| campo de control de longitud fija | 121105s2012 onca bc 000 0 eng |
| 016 ## - NÚMERO DE CONTROL DE UNA AGENCIA BIBLIOGRÁFICA NACIONAL | |
| Número de control del registro | 20129074241 |
| 020 ## - NÚMERO INTERNACIONAL ESTÁNDAR DEL LIBRO | |
| Número Internacional Estándar del Libro | 9780921972655 |
| 020 ## - NÚMERO INTERNACIONAL ESTÁNDAR DEL LIBRO | |
| Número Internacional Estándar del Libro | 0921972652 |
| 029 0# - OTRO NÚMERO DE CONTROL DE SISTEMA (OCLC) | |
| Identificador de la biblioteca OCLC | NLC |
| Número de control de sistema | 20129074241 |
| 035 ## - NÚMERO DE CONTROL DEL SISTEMA | |
| Número de control de sistema | (OCoLC)ocn816765544 |
| 035 ## - NÚMERO DE CONTROL DEL SISTEMA | |
| Número de control de sistema | (OCoLC)816765544 |
| Número de control cancelado/no válido | (OCoLC)822895336 |
| 035 ## - NÚMERO DE CONTROL DEL SISTEMA | |
| Número de control de sistema | (NNC)10393727 |
| 040 ## - FUENTE DE CATALOGACIÓN | |
| Centro catalogador/agencia de origen | NLC |
| Lengua de catalogación | eng |
| Centro/agencia transcriptor | NLC |
| Centro/agencia modificador | OCLCO |
| -- | YDXCP |
| -- | BTCTA |
| -- | CGU |
| 041 0# - CÓDIGO DE IDIOMA | |
| Código de lengua del texto/banda sonora o título independiente | eng |
| -- | spa |
| 082 04 - NÚMERO DE LA CLASIFICACIÓN DECIMAL DEWEY | |
| Número de clasificación | 708 |
| Número de ítem | V436h |
| 100 1# - ENTRADA PRINCIPAL--NOMBRE DE PERSONA | |
| Nombre de persona | Vélez, Humberto, |
| Fechas asociadas al nombre | 1965- |
| 9 (RLIN) | 3393 |
| 245 10 - MENCIÓN DEL TÍTULO | |
| Título | Humberto Vélez : |
| Resto del título | Aesthetics of collaboration / |
| Mención de responsabilidad, etc. | Humberto Vélez, artist ; Emelie Chhangur, author and curator ; Luis Camnitzer, author ; Hans-Michael Herzog, Adrienne Samos, interviewer. |
| 260 ## - PUBLICACIÓN, DISTRIBUCIÓN, ETC. | |
| Lugar de publicación, distribución, etc. | Toronto : |
| Nombre del editor, distribuidor, etc. | Art Gallery of York University, |
| Fecha de publicación, distribución, etc. | 2012. |
| 300 ## - DESCRIPCIÓN FÍSICA | |
| Extensión | 175 p. : |
| Otras características físicas | ill. (col.) ; |
| Dimensiones | 25 cm. |
| 504 ## - NOTA DE BIBLIOGRAFÍA, ETC. | |
| Nota de bibliografía, etc. | Includes bibliographical references. |
| 546 ## - NOTA DE IDIOMA | |
| Nota de lengua/lenguaje | Text in English and Spanish. |
| 585 ## - NOTA DE EXPOSICIONES | |
| Nota de exposiciones | Catalogue of an exhibition and public performance held at the Art Gallery of York Univeristy, 13 April-26 June 2011, and 14 May 2011 respectively. |
| 600 10 - PUNTO DE ACCESO ADICIONAL DE MATERIA--NOMBRE DE PERSONA | |
| Nombre de persona | Vélez, Humberto, |
| Fechas asociadas al nombre | 1965- |
| Subdivisión de forma | Exhibitions. |
| 9 (RLIN) | 3394 |
| 650 ## - PUNTO DE ACCESO ADICIONAL DE MATERIA--TÉRMINO DE MATERIA | |
| Término de materia o nombre geográfico como elemento de entrada | Performance (Arte) |
| 9 (RLIN) | 3395 |
| 650 ## - PUNTO DE ACCESO ADICIONAL DE MATERIA--TÉRMINO DE MATERIA | |
| Término de materia o nombre geográfico como elemento de entrada | Estética |
| Subdivisión de forma | Colaboración |
| Subdivisión general | Comunidad |
| 9 (RLIN) | 3396 |
| 700 1# - ENTRADA AGREGADA--NOMBRE PERSONAL | |
| Nombre de persona | Camnitzer, Luis, |
| Fechas asociadas al nombre | 1937- |
| 9 (RLIN) | 3101 |
| 700 1# - ENTRADA AGREGADA--NOMBRE PERSONAL | |
| Nombre de persona | Herzog, Hans-Michael, |
| Fechas asociadas al nombre | 1956- |
| 9 (RLIN) | 1964 |
| 700 1# - ENTRADA AGREGADA--NOMBRE PERSONAL | |
| Nombre de persona | Samos, Adrienne. |
| 9 (RLIN) | 3397 |
| 700 1# - ENTRADA AGREGADA--NOMBRE PERSONAL | |
| Nombre de persona | Chhangur, Emelie [curadora] |
| 9 (RLIN) | 2928 |
| 710 2# - ENTRADA AGREGADA--NOMBRE DE ENTIDAD CORPORATIVA | |
| Nombre de entidad corporativa o nombre de jurisdicción como elemento de entrada | York University (Toronto, Ont.). |
| Unidad subordinada | Art Gallery. |
| 9 (RLIN) | 2929 |
| 948 1# - PROCESAMIENTO DE INFORMACIÓN LOCAL (OCLC); DESIGNADOR DE PARTE DE LA SERIE (RLIN) | |
| Designador de la parte de la serie, SPT (RLIN) | 20130726 |
| b (OCLC) | c |
| c (OCLC) | rhg9 |
| d (OCLC) | OSMC |
| Estatus retirado | Estado de pérdida | Fuente del sistema de clasificación o colocación | Estado de daño | No para préstamo | Biblioteca de origen | Biblioteca actual | Ubicación en estantería | Fecha de adquisición | Total de préstamos | Signatura topográfica completa | Código de barras | Visto por última vez | Precio de reemplazo | Tipo de ítem Koha |
|---|---|---|---|---|---|---|---|---|---|---|---|---|---|---|
| Clasificación Decimal Dewey | Biblioteca LadoV | Biblioteca LadoV | 24/08/2015 | 708 V436h | 004090 | 24/08/2015 | 24/08/2015 | Material 01 |
